000 00318nam a2200133Ia 4500
008 231017s9999 xx 000 0 und d
082 _a620.13623
082 _bFER
245 0 _aAlkali-Silica Reaction and High Performance Concrete
245 0 _cChiara F.
260 _bChiara F.
300 _c30cm
942 _cREP
999 _c604013
_d604013